|
|
|
|
| LEADER |
00000cam a2200000 i 4500 |
| 001 |
1/77671 |
| 008 |
080318s1987 enk| ||| |||| ||eng|| |
| 020 |
|
|
|a 074560532X
|
| 035 |
|
|
|l 10095533
|
| 040 |
|
|
|a GR-MyUA
|b gre
|e AACR2
|
| 041 |
0 |
|
|a eng
|
| 082 |
0 |
|
|a 944.027
|2 (22)
|
| 100 |
1 |
|
|a Davis, Natalie Zemon
|d 1928-
|
| 245 |
1 |
0 |
|a Society and culture in early modern France :
|b eight essays /
|c Natalie Zemon Davis.
|
| 260 |
|
|
|a Cambridge :
|b Polity,
|c 1987.
|
| 300 |
|
|
|a 362 σ. :
|b εικ., πίν. ;
|c 22 εκ.
|
| 504 |
|
|
|a Ευρετήριο: σ. [349]-362.
|
| 650 |
0 |
0 |
|a Labor and laboring classes
|z France
|x History.
|
| 651 |
|
0 |
|a France
|x Civilization.
|
| 651 |
|
0 |
|a France
|x Social life and customs.
|
| 767 |
0 |
8 |
|i Μεταφρασμένο ως:
|t Les cultures du peuple :
|
| 852 |
|
|
|a INST
|b LESVOS
|e 20080318
|h 944.027 DAV
|p 005100040574
|q 005100040574
|t BK
|y 0
|
| 901 |
|
|
|a BIBL1-2008-1
|
| 909 |
|
|
|a Λ
|b 144083
|
| 922 |
|
|
|a 1ΕΛΗ
|b 200801
|c ΕΠΕΑΕΚ2/ΤΚΑ
|d ΠΑΠΑΣΩΤΗΡΙΟΥ
|
| 970 |
|
|
|a ΧΑΤΖΗΜΙΧΑΗΛ
|b ΜΑΡΙΑ
|z 2008/03/18
|